| 000 | 00443nam a22001697a 4500 | ||
|---|---|---|---|
| 003 | CEME | ||
| 005 | 20210628203311.0 | ||
| 008 | 210119b xxu||||| |||| 00| 0 eng d | ||
| 020 | _a9780132365048 | ||
| 040 | _c. | ||
| 082 | _a621.3815 EDL | ||
| 100 |
_aEdlund, Greg _964565 |
||
| 245 | _aTiming analysis and simulation for signal intergrity engineers | ||
| 260 |
_aNEW YORK _bPRENTICE HALL _c2007 |
||
| 300 | _aXX, 241P | ||
| 942 |
_cBK _2ddc |
||
| 999 |
_c573016 _d573016 |
||